Legendy věčných. I, Temnotou vyvolená /
Temnější romantasy příběh o hledání pravdy, vlastní identity a odvaze zpochybnit svět plný dávných tradic. Úvodní díl série.
Uloženo v:
| Série: | Legendy věčných,
část 1 |
|---|---|
| Hlavní autor: | |
| Médium: | E-kniha |
| Jazyk: | Czech |
| Vydáno: |
Praha :
Dobrovský s.r.o.,
2026
|
| Edice: | Red
|
| Témata: | |
| Příbuzné jednotky: | Z cyklu::
Legendy věčných |
| Tagy: |
Žádné tagy |
| LEADER | 02438nam a2200433 i 4500 | ||
|---|---|---|---|
| 001 | 313994 | ||
| 003 | CZ PrSKC | ||
| 005 | 20260630062710.0 | ||
| 007 | ta | ||
| 008 | 260625s2026 xr g 000 f cze | ||
| 015 | |a cnb003766302 | ||
| 020 | |a 9788027764112 |q (brožováno) : |c Kč 499,00 | ||
| 040 | |a ABG001 |b cze |e rda | ||
| 072 | 7 | |a 821.162.3-3 |x Česká próza |2 Konspekt | |
| 080 | |a 821.162.3-31 |2 MRF | ||
| 080 | |a (0:82-312.9) |2 MRF | ||
| 100 | 1 | |a Przewozná, Šárka, |d 1987- |7 xx0319591 |4 aut | |
| 245 | 1 | 0 | |a Legendy věčných. |n I, |p Temnotou vyvolená / |c Šárka Przewozná |
| 246 | 3 | 0 | |a Temnotou vyvolená |
| 264 | 1 | |a Praha : |b Dobrovský s.r.o., |c 2026 | |
| 300 | |a 442 stran ; |c 20 cm | ||
| 336 | |a text |b txt |2 rdacontent | ||
| 337 | |a bez média |b n |2 rdamedia | ||
| 338 | |a svazek |b nc |2 rdacarrier | ||
| 490 | 1 | |a Red | |
| 500 | |a Na hřbetu knihy uvedeno číslo I | ||
| 520 | 2 | |a Temnější romantasy příběh o hledání pravdy, vlastní identity a odvaze zpochybnit svět plný dávných tradic. Úvodní díl série. |b Být pravou Dcerou své Bohyně je mou podstatou. Tedy... mělo by být. Jenomže já jsem jiná, a to v překladu mého rodu znamená slabá. Za své sestry bych položila život a brzy k tomu dostanu příležitost, protože se blíží Trojdaří. Obřad, při němž se nabízíme našim Bohům, jako oběť Temnotě, která střeží naše hranice. Stejně jako my se svým Bohům nabízí i naše znepřátelené rody. Tři rody, tři obětiny. Tak jest dáno zákonem. Jenom tak nás, podle legend, mohou naši Bohové ochránit před zlem, jež na nás za hranicemi číhá. Nakladatelská anotace. Kráceno. | |
| 655 | 7 | |a české romány |7 fd133974 |2 czenas | |
| 655 | 7 | |a fantasy romány |7 fd184199 |2 czenas | |
| 655 | 9 | |a Czech fiction |2 eczenas | |
| 655 | 9 | |a fantasy novels |2 eczenas | |
| 710 | 2 | |a Dobrovský (firma) |7 olak2017946581 |4 pbl | |
| 787 | 0 | 8 | |i Z cyklu: |t Legendy věčných |g 1 |
| 830 | 0 | |a Red | |
| 900 | |a ABG001 |b 19 | ||
| 044 | |a xr | ||
| 910 | |a RBIT002 | ||
| 998 | |d 428055 |a https://core.palmknihy.cz/api/books/428055/cover?thdt0i |b https://core.palmknihy.cz/api/books/428055/cover/400?thdt0i |c https://core.palmknihy.cz/api/books/428055/cover/50?thdt0i |e 2036-06-17 |g 448 |i 9788027764112 |j https://core.palmknihy.cz/api/books/428055/preview.epub |k https://core.palmknihy.cz/api/books/428055/preview.pdf |l |q 49 |r 1 |s https://www.palmknihy.cz/kniha/428055 |t ebook |y 2026 |z 0 | ||
| 999 | |d 313992 | ||